| 000 | 01000cam a22002535a 4500 | ||
|---|---|---|---|
| 005 | 20091103014612.0 | ||
| 008 | 090911s2009 ii ab b 100 0 eng d | ||
| 010 | _aENG-95323 | ||
| 020 |
_a9788131305737 _c695.00 |
||
| 035 | _aEN-78856 | ||
| 037 | _aDBAD/PUB | ||
| 040 |
_aDPL _beng |
||
| 082 | _a664.02 | ||
| 245 |
_aFood grain process technology _cby C.S. Riar ...[et.al.] |
||
| 260 |
_aNew Delhi : _bAPH Publishing Corporation _c2009. |
||
| 270 |
_a4435-36/7. Ansari road, Darya Ganj _bNew Delhi _e110002 |
||
| 300 |
_axi, 219 p. : _c22 cm. (Hb) |
||
| 500 | _aIncludes bibliographical references | ||
| 520 | _aContributed articles. | ||
| 650 | _aFood industry and trade | ||
| 942 |
_2ddc _cEN _mRIA _h664.02 |
||
| 999 |
_c31360 _d31360 |
||